Economics / (Record no. 8840)

MARC details
000 -LEADER
fixed length control field 00732nac a22002291u 4500
008 - FIXED-LENGTH DATA ELEMENTS--GENERAL INFORMATION
fixed length control field 150901b xxu||||| |||| 00| 0 eng d
010 ## - LIBRARY OF CONGRESS CONTROL NUMBER
LC control number 97013594
020 ## - INTERNATIONAL STANDARD BOOK NUMBER
International Standard Book Number 0201526689 (hardcover)
082 00 - DEWEY DECIMAL CLASSIFICATION NUMBER
Classification number 330
Item number PAR
100 ## - MAIN ENTRY--PERSONAL NAME
Personal name Parkin, Michael,
245 10 - TITLE STATEMENT
Title Economics /
Statement of responsibility, etc Michael Parkin.
250 ## - EDITION STATEMENT
Edition statement 7th ed.
260 ## - PUBLICATION, DISTRIBUTION, ETC. (IMPRINT)
Place of publication, distribution, etc Reading, Mass. :
Name of publisher, distributor, etc Addison-Wesley,2005
Date of publication, distribution, etc 2005
300 ## - PHYSICAL DESCRIPTION
Extent 1 v. (various pagings) :
Other physical details ill. (some col.), col. map ;
Dimensions 26 cm.
440 #4 -
-- The Addison-Wesley series in economics
500 ## - GENERAL NOTE
General note distributer: Baccah
504 ## - BIBLIOGRAPHY, ETC. NOTE
Bibliography, etc Includes bibliographical references and index.
511 ## - PARTICIPANT OR PERFORMER NOTE
Participant or performer note catalogued by: wessam
650 #0 - SUBJECT ADDED ENTRY--TOPICAL TERM
Topical term or geographic name as entry element Economics.
Source of heading or term BUEsh
651 ## - SUBJECT ADDED ENTRY--GEOGRAPHIC NAME
Source of heading or term BUEsh
942 ## - ADDED ENTRY ELEMENTS (KOHA)
Item type Book - Borrowing
Call number prefix 330PAR
Source of classification or shelving scheme Dewey Decimal Classification
Holdings
Withdrawn status Item status Damaged status Not for loan Home library Current library Shelving location Date acquired Source of acquisition Total Checkouts Total Renewals Full call number Barcode Date last seen Date last borrowed Koha item type
        Central Library Central Library First floor 26/03/2008 Purchase 8 17 330PAR 000010431 15/07/2025 12/11/2018 Book - Borrowing